LEADER 00780nam0-22003011i-450- 001 990003267160403321 005 20001010 035 $a000326716 035 $aFED01000326716 035 $a(Aleph)000326716FED01 035 $a000326716 100 $a20000920d1929----km-y0itay50------ba 101 0 $aita 105 $ay-------001yy 200 1 $aISLANDA E ALTRE TAPPE DI VIAGGIO 210 $aMilano$cAlpes$d1929 215 $app. 294 610 0 $aIslanda 676 $a073 700 1$aBeonio-Brocchieri,$bVittorio$f<1902-1979>$0126277 801 0$aIT$bUNINA$gRICA$2UNIMARC 901 $aBK 912 $a990003267160403321 952 $a073.000.BEO$b6940$fDECGE 959 $aDECGE 996 $aISLANDA E ALTRE TAPPE DI VIAGGIO$9450542 997 $aUNINA DB $aING01